Régimen relativo a la prohibición de importar productos. (Record no. 172802)

MARC details
000 -LEADER
campo de control de longitud fija 00707nam a22001935i 4500
001 - NÚMERO DE CONTROL
campo de control 172802
003 - IDENTIFICADOR DE NÚMERO DE CONTROL
campo de control ES-MaACL
005 - FECHA Y HORA DE LA ÚLTIMA TRANSACCIÓN
campo de control 20250831061535.0
008 - DATOS DE LONGITUD FIJA--INFORMACIÓN GENERAL
campo de control de longitud fija 090909s1935 sp |||| | spa d
245 00 - MENCIÓN DEL TÍTULO
Título Régimen relativo a la prohibición de importar productos.
260 ## - PUBLICACIÓN, DISTRIBUCIÓN, ETC.
Lugar de publicación, distribución, etc. Madrid :
Nombre del editor, distribuidor, etc. [s.n.],
Fecha de publicación, distribución, etc. 1935 (
Fabricante Impr. del Ministerio de Estado)
300 ## - DESCRIPCIÓN FÍSICA
Extensión 11 p. ;
Dimensiones 24 cm.
490 1# - MENCIÓN DE SERIE
Mención de serie Publicaciones del Ministerio de Estado. Serie G. Comercio exterior Año 1935 ;
Designación de volumen o secuencia 4
500 ## - NOTA GENERAL
Nota general La cubierta sirve de portada.
710 1# - ENTRADA AGREGADA--NOMBRE DE ENTIDAD CORPORATIVA
Nombre de entidad corporativa o nombre de jurisdicción como elemento de entrada España.
Unidad subordinada Ministerio de Estado.
9 (RLIN) 3866
830 00 - PUNTO DE ACCESO ADICIONAL DE SERIE-TÍTULO UNIFORME
Título uniforme Publicaciones del Ministerio de Estado
Designación de volumen o secuencia 4
9 (RLIN) 189119
852 ## - LOCALIZACIÓN
Ubicación ES-MaACL
Número de control de estantería 2300-F-19
Holdings
Estatus retirado Estado de pérdida Estado de daño No para préstamo Colección Biblioteca de origen Biblioteca actual Ubicación en estantería Fecha de adquisición Fuente de adquisición Total de préstamos Signatura topográfica completa Código de barras Visto por última vez Precio de reemplazo Tipo de ítem Koha
        Colección de folletos Biblioteca del Ateneo de Madrid Biblioteca del Ateneo de Madrid Depósito folletos 09/09/2009     2300-F-19 1181308 23/02/2023 23/02/2023 Folleto